| 000 | 01001nam a22003017a 4500 | ||
|---|---|---|---|
| 001 | 00260 | ||
| 003 | DO-SdBPM | ||
| 005 | 20250806071902.0 | ||
| 007 | ta | ||
| 008 | 151216b 2001 sp ||| |||| 00| 0 spa d | ||
| 020 | _a8495378329 | ||
| 020 | _a8489964250 | ||
| 040 |
_aDO-SdBPM _bspa _cBPMSU _erda |
||
| 082 | 4 |
_a398.2094 _bM387a 2001 _222 |
|
| 100 |
_aMartos Núñez, Eloy _eautor |
||
| 245 | 1 | 0 |
_aÁlbum de mitos y leyendas de Europa / _cEloy Martos Núñez. |
| 264 |
_aOiartzun,Guipuzkoa : _bSendoa Editorial ; _bJunta de Extremadora- Presidencia, _c2001 |
||
| 300 |
_a368 páginas : _bilustraciones ; _c27 cm. |
||
| 336 |
_a texto _btxt _2rdacontent |
||
| 337 |
_asin mediación _bn _2rdamedia |
||
| 338 |
_avolumen _bnc _2rdacarrier |
||
| 490 | 0 | _aÁlbumes de tradiciones populares | |
| 590 | _aInventariado, 2025/VM | ||
| 650 | 7 |
_aLeyendas europeas _vColecciones. |
|
| 650 | 7 |
_aMitología europea _vColecciones. |
|
| 910 | _aVMateo V. Control de calidad. BPMSU | ||
| 942 |
_2ddc _cBK |
||
| 999 |
_c9126 _d9126 |
||